MARC

LEADER 00000nam0a2200000 4500
001 364360
005 20231102011700.0
035 |a (RuTPU)RU\TPU\retro\21718 
090 |a 364360 
100 |a 20211112d1981 m y0rusy50 ca 
101 0 |a rus 
102 |a RU 
105 |a a j 001zy 
200 1 |a Химическое равновесие в неорганическом анализе  |e учебное пособие  |f Новочеркасский политехнический институт им. Серго Орджоникидзе 
210 |a Новочеркасск  |c [Б. и.]  |d 1981 
215 |a 86 с.  |c ил. 
320 |a Библиогр.: с. 84 
606 1 |a Химическое равновесие  |2 stltpush  |3 (RuTPU)RU\TPU\subj\67747  |9 83431 
610 1 |a закон действия масс 
610 1 |a кислоты 
610 1 |a основания 
610 1 |a реакции 
610 1 |a комплексообразование 
610 1 |a окислительно-восстановительные реакции 
610 1 |a применение 
610 1 |a качественный анализ 
610 1 |a гравиметрический анализ 
610 1 |a осадительное титрование 
610 1 |a оксидиметрия 
610 1 |a учебные пособия 
675 |a 544.34(075.8)  |v 4 
712 0 2 |a Новочеркасский политехнический институт им. Серго Орджоникидзе  |c (1948-1993)  |2 stltpush  |3 (RuTPU)RU\TPU\col\227  |9 23289 
801 1 |a RU  |b 63413507  |c 20211112 
942 |c BK